Ładuje się......

Fertilisers organic manuels recyclable wastes and biofertilisers: components of integrated plant nutrition /

Opis bibliograficzny
1. autor: Tendon, H L S .
Format: Printed Book
Język:English
Wydane: Newdelhi : Fertiliser development and consultation organisation , 1997.
LEADER 00687cam a2200181ua 4500
020 |a 81 85116 16 4  |c 300.00 
041 |a eng 
082 |a 631.87  |b TON/FE 
100 |a Tendon, H L S . 
245 |a Fertilisers organic manuels recyclable wastes and biofertilisers: components of integrated plant nutrition /   |c H L S Tendon.  |h Textual Documents 
260 |a Newdelhi :   |b Fertiliser development and consultation organisation ,   |c 1997. 
300 |a 147 ; . 
365 |a 300.00 
504
541 |e 19661   |h 300.00 
942 |c BK 
999 |c 31817  |d 31817 
952 |0 0  |1 0  |4 0  |6 631_870000000000000  |7 0  |9 42003  |a KAUAET  |b KAUAET  |d 2012-04-07  |m 0  |o 631.87  |p KAU_KCAET-19661  |r 2012-04-07  |w 2012-04-07  |y BK